000 00881nam a2200265Ia 4500
003 OSt
005 20220918171248.0
006 a|||||r|||| 00| 0
007 ta
008 220917b |||||||| |||| 00| 0 eng d
020 _a9781446201749 (pbk)
_c2760.54
024 _a280,979
037 _bIN4204, 18/03/2014, Asian Book Centre
_cTextual
040 _aARTS
_cARTS
_beng
041 _2eng
_aeng
082 _aB28, Q3
100 _aChun Yongwan
_935189
245 0 _aSpactial statistics and geostastics
_b Theory and applications for geographic information science and technology
260 _aLondon
_bSage UK
_c2013
300 _axiv, 181p.
_ccm.
650 _aMATHEMATICS
_92141
700 _a Griffith Daniel A.
_935190
942 _hB28, Q3
_cTEXL
_2CC
999 _c138645
_d138645